000 00446nam a2200169 a 4500
005 20140412111413.0
008 070716s19uu xx 00 eng d
020 _a1-84477-095-8
050 _aM 372.8
_bP97 2003
100 _aPurton, Michael
245 _aI can make music /
_cMichael Purton.
260 _aSingapore :
_bPowerbooks,
_c19-
300 _a41
440 _aShow me how
650 _aRythym band and orchestras
999 _c105740
_d105740